LEADER 01668nas 2200505 a 450 001 996212450603316 005 20231124171334.0 011 $a1873-3832 035 $a(OCoLC)39098462 035 $a(CKB)954925564667 035 $a(CONSER) 2003233982 035 $a(DE-599)ZDB1466572-4 035 $a(EXLCZ)99954925564667 100 $a19980511a19879999 sy a 101 0 $aeng 135 $aurmnu||||| 200 10$aNuclear physics$hB$iProceedings, supplements$b[e-journal] 210 $a[Amsterdam] $cNorth-Holland 300 $aRefereed/Peer-reviewed 311 $a0920-5632 517 $aNuclear physics. B, Proceedings, supplements 517 3 $aProceedings, supplements 517 1 $aNuclear physics B (proc. suppl.) 517 $aNuclear Physics B - Proceedings Supplements 517 $aNuclear Physics B 531 $aNUCLEAR PHYSICS SECTION B PS PROCEEDINGS SUPPLEMENTS 531 $aNUCL PHYS B PROC SUPPL 531 $aNUCL PHYS B PROC SUP 531 $aNUCL PH B P 531 $aNUCLEAR PHYSICS SECTION B PROCEEDINGS SUPPLEMENTS 531 $aNUCLEAR PHYS. B PROC. SUPPL 531 0 $aNucl. phys., Sect. B Proc. suppl. 606 $aNuclear physics$vCongresses 606 $aFísica nuclear$vRevistes$2lemac 606 $aPartícules (Física nuclear)$vRevistes$2lemac 606 $aCamps, Teoria dels (Física)$vRevistes$2lemac 608 $aPeriodicals. 615 0$aNuclear physics 615 7$aFísica nuclear 615 7$aPartícules (Física nuclear) 615 7$aCamps, Teoria dels (Física) 906 $aJOURNAL 912 $a996212450603316 996 $aNuclear physics$9339176 997 $aUNISA LEADER 01454nam 22003973 450 001 996703471703316 005 20251206060327.0 010 $a1-83695-310-0 035 $a(MiAaPQ)EBC32227893 035 $a(Au-PeEL)EBL32227893 035 $a(CKB)43926648600041 035 $a(OCoLC)1559217868 035 $a(EXLCZ)9943926648600041 100 $a20251206d2026 uy 0 101 0 $aeng 135 $aurcnu|||||||| 181 $ctxt$2rdacontent 182 $cc$2rdamedia 183 $acr$2rdacarrier 200 10$aArctic Silk Roads $eAn Anthropology of the Unbuilt 205 $a1st ed. 210 1$aNew York, NY :$cBerghahn Books, Incorporated,$d2026. 210 4$d©2026. 215 $a1 online resource (220 pages) 225 1 $aStudies in the Circumpolar North Series ;$vv.7 330 $aAs climate change accelerates, melting sea ice is fueling the global imagination and geopolitical anticipation of the Arctic region's accessible transport routes and possibilities for resource extraction. Arctic Silk Roads examines the different conditions under which top-down infrastructural dreams facilitate or constrain individual agencies. 410 0$aStudies in the Circumpolar North Series 676 $a387.52091632 700 $aMagnani$b Natalia$0760704 801 0$bMiAaPQ 801 1$bMiAaPQ 801 2$bMiAaPQ 906 $aBOOK 912 $a996703471703316 996 $aArctic Silk Roads$94464248 997 $aUNISA